[Event "Catalunya-chB"]
[Site "Spain"]
[Date "1996.11.10"]
[Round "6"]
[White "Ramirez Carrizo, Victor Jose"]
[Black "Garcia Carmona, David"]
[Result "1-0"]
[WhiteElo "2015"]
[BlackElo "1835"]
[PlyCount "39"]
[EventDate "1997.??.??"]
[EventType "swiss"]
[EventRounds "8"]
[EventCountry "ESP"]
[SourceTitle "EXT 2003"]
[Source "ChessBase"]
[SourceDate "2002.11.25"]
[SourceVersion "1"]
[SourceVersionDate "2002.11.25"]
[SourceQuality "1"]

1. e4 c5 2. Nf3 d6 3. d4 cxd4 4. c3 dxc3 5. Nxc3 Nf6 6. Bc4 b6 7. e5 d5 8. Nxd5 e6 9. exf6 exd5 10. Qxd5 Be6 11. Qxa8 Bxc4 12. Qe4+ Be6 13. 0-0 gxf6 14. Bf4 Bg7 15. Nd4 0-0 16. Nxe6 fxe6 17. Qxe6+ Kh8 18. Rad1 Qe8 19. Qxe8 Rxe8 20. Rfe1 1-0

[Event "Terrassa op-B"]
[Site "Terrassa"]
[Date "1996.??.??"]
[Round "7"]
[White "Martinez Mures, Moises"]
[Black "Garcia Carmona, David"]
[Result "1-0"]
[WhiteElo "1990"]
[BlackElo "1835"]
[PlyCount "62"]
[EventDate "1996.07.??"]
[EventType "swiss"]
[EventRounds "9"]
[EventCountry "ESP"]
[SourceTitle "EXT 2002"]
[Source "ChessBase"]
[SourceDate "2001.11.25"]
[SourceVersion "1"]
[SourceVersionDate "2001.11.25"]
[SourceQuality "1"]

1. e4 c5 2. Nc3 Nc6 3. f4 d6 4. Nf3 Nf6 5. Bc4 Bg4 6. h3 Bxf3 7. Qxf3 Nd4 8. Qd3 a6 9. Nd5 e6 10. Nxf6+ Qxf6 11. c3 Nc6 12. Qf3 Be7 13. 0-0 0-0 14. b3 Bd8 15. Bb2 Bc7 16. Kh1 Rad8 17. Rae1 Rd7 18. Bd3 e5 19. f5 b6 20. Be2 Rfd8 21. c4 b5 22. g4 h6 23. Qg3 Nd4 24. Bc1 g5 25. fxg6 Nxe2 26. Rxf6 Nxg3+ 27. Kg2 Nxe4 28. Rxe4 Kg7 29. Rxf7+ Rxf7 30. gxf7 Kxf7 31. Re2 Rg8 1-0